Most Streamed Frank Ocean Songs - Statistics

General Stats
  • This quiz has been taken 319 times
    103 since last reset
  • The average score is 12 of 20
Answer Stats
# Streams Answer % Correct
1 2,156,295,909 Pink + White
94%
6 1,141,500,228 White Ferrari
86%
4 1,301,012,487 Ivy
84%
2 1,584,933,586 Thinkin Bout You
84%
7 1,052,058,466 Nights
75%
14 593,500,902 Pyramids
75%
19 407,834,510 Nikes
73%
15 580,955,927 Super Rich Kids
73%
12 627,580,400 Godspeed
65%
3 1,538,691,940 Lost
65%
13 595,952,049 Pink Matter
63%
8 993,602,974 Novacane
57%
9 970,698,484 Chanel
55%
10 778,496,455 She
55%
11 651,603,675 Self Control
51%
5 1,274,734,435 Slide
45%
18 458,807,023 911 / Mr. Lonely
39%
16 569,554,305 No Church In The Wild
39%
20 372,525,024 Moon River
25%
17 547,618,502 In My Room
22%
No matching quizzes found
Score Distribution
Percent of People with Each Score
Percentile by Number Answered
Your Score History
You have not taken this quiz since the last reset